00428 2200169 4500001002100000005001500021035002000036245004500056100001400101250001700115300002800132260003500160082001100195084001800206020002200224600001200246INLIS00000000000090320250217070613 a0010-02250000071 aMengais Rezeki dari Lamtoro /cMasrokhah0 aMasrokhah acetakan ke-1 a60 hlm :bilus ;c21 cm aJakarta :bGaneca Exact,c2006 a631.53 a631.53 MAS m a978-979-744-459-7 4atanaman